Manual de restauración de terrenos y evaluación de impactos ambientales en minería

Uloženo v:
Podrobná bibliografie
Hlavní autor: Instituto Geológico y Minero de España (Autor)
Médium: Kniha
Jazyk:španělština
Vydáno: Madrid IGME 2004
Edice:Guías y Manuales, 2
Témata:
Tagy: Přidat tag
Žádné tagy, Buďte první, kdo vytvoří štítek k tomuto záznamu!

MARC

LEADER 00000nam a2200000 a 4500
001 UCI5450
003 CL-VaPUC
008 080328e20040000SP |||||||||||||||||spa|d
020 |a 8478400192 
082 0 4 |a 551.4  |b INS  |2 21 
100 0 |a Instituto Geológico y Minero de España  |e author  |9 527838 
245 1 0 |a Manual de restauración de terrenos y evaluación de impactos ambientales en minería 
300 |a 359 p 
942 |c BK 
945 |d 20080328 00:00:00  |a jtorresc 
260 |a Madrid  |b IGME  |c 2004 
650 0 |a Corteza terrestre  |9 262296 
650 7 |a MINERA  |2 CL-VaPUC  |9 527839 
650 0 |a Medio ambiente  |9 257625 
650 7 |a CONTAMINACION  |2 CL-VaPUC  |9 258139 
650 0 |a Vegetación  |9 264748 
650 0 |a Tecnología ambiental  |9 340312 
583 |a last modification  |c 20080328 00:00:00  |k Rodrigo Vera 
490 0 |a Guías y Manuales, 2 
999 |c 329191  |d 329189 
952 |0 0  |1 0  |4 0  |6 551_400000000000000_INS_2004  |7 0  |8 A  |9 413559  |a BIBING  |b BIBING  |d 2019-11-22  |i 4420934  |l 1  |m 2  |o 551.4 INS 2004  |p 4420934  |r 2025-01-20  |s 2023-05-19  |w 2019-11-22  |y BK  |k GEO